Computer for Nurses (Record no. 1653)
[ view plain ]
| 000 -LEADER | |
|---|---|
| Fixed length control field | 00546nam a2200205 4500 |
| 003 - CONTROL NUMBER IDENTIFIER | |
| Control field | IIN |
| 005 - DATE AND TIME OF LATEST TRANSACTION | |
| Control field | 20240713151050.0 |
| 008 - FIXED-LENGTH DATA ELEMENTS--GENERAL INFORMATION | |
| Fixed length control field | 231217s9999 xx 000 0 und d |
| 020 ## - INTERNATIONAL STANDARD BOOK NUMBER / ISBN | |
| International Standard Book Number | 9789351526551 (pbk) |
| Price | Rs.225.00 |
| 040 ## - CATALOGING SOURCE | |
| Original cataloging agency | IIN |
| Language of cataloging | English |
| 082 ## - DEWEY DECIMAL CLASSIFICATION NUMBER | |
| Classification number | 610.730285 |
| Book Number | KUM |
| 100 1# - MAIN ENTRY--PERSONAL NAME | |
| Personal name | Kumar, Ashok |
| 245 1# - TITLE STATEMENT | |
| Title | Computer for Nurses |
| Statement of responsibility | Ashok Kumar, Sunil Kumar and Chanchal Garg |
| 260 ## - IMPRINT | |
| Place of publication | New Delhi |
| Name of publisher | Jaypee |
| Date of publication | 2021. |
| 300 ## - PHYSICAL DESCRIPTION | |
| Page / Vol. No | xii, 107 p. |
| 650 1# - SUBJECT ADDED ENTRY--TOPICAL TERM | |
| Topical term | Computer |
| 700 1# - ADDED ENTRY--PERSONAL NAME | |
| Personal name | Kumar, Sunil |
| 700 1# - ADDED ENTRY--PERSONAL NAME | |
| Personal name | Garg, Chanchal |
| 942 ## - ADDED ENTRY ELEMENTS (KOHA) | |
| Koha item type | Books |
| Withdrawn status | Lost status | Source of classification | Damaged status | Not for loan | Collection code | Home library | Current library | Date acquired | Price | Total Checkouts | Call number | Accession number | Date last seen | Price effective from | Koha item type | Shelving location |
|---|---|---|---|---|---|---|---|---|---|---|---|---|---|---|---|---|
| Dewey Decimal Classification | Purches Book | IDEAL INSTITUTE OF NURSING | IDEAL INSTITUTE OF NURSING | 05/02/2024 | 225.00 | 610.730285 KUM | 233 | 05/02/2024 | 17/12/2023 | Books | ||||||
| Dewey Decimal Classification | Purches Book | IDEAL INSTITUTE OF NURSING | IDEAL INSTITUTE OF NURSING | 05/02/2024 | 225.00 | 610.730285 KUM | 234 | 05/02/2024 | 17/12/2023 | Books | ||||||
| Dewey Decimal Classification | Purches Book | IDEAL INSTITUTE OF NURSING | IDEAL INSTITUTE OF NURSING | 11/03/2025 | 610.730285 KUM | 1874 | 08/04/2025 | 08/04/2025 | Books | General Stacks |
